000 004980000a22001930004500
001 004396
003 MACL
005 20151001164203.0
008 151001b xxu||||| |||| 00| 0 eng d
040 _aMACL
_cMACL
041 _aEnglish
082 _a900.549/SAN
100 _aSanthanam, K.
_913137
245 _aJihadis In Jammu & Kashmir
_bA Portrait Gallery
_cK. Santhanam
260 _aNew Delhi
_c2003
_bSage Publications,
350 _a380
650 _aHistory
_913138
942 _k901
_cBK
_2ddc
999 _c16287
_d16287